| 000 | 00000nam##2200000za#4500 |
| 001 | 9.608240 |
| 003 | CaOODSP |
| 005 | 20210624213528 |
| 007 | cr ||||||||||| |
| 008 | 150406|2014||||xxc|||||o f|0| 0 fre|d |
| 040 | |aCaOODSP|bfre |
| 043 | |an-cn--- |
| 086 | 1 |aFs70-5/2014-091F-PDF |
| 110 | 1 |aCanada. |bMinistère des pêches et des océans. |
| 245 | 10|aLes stocks de hareng (Clupea harengus harengus L.) de la côte ouest de Terre-Neuve (Division 4R de l'OPANO) en 2013 / |h[ressource électronique]|c[par] Benoît Légaré, Jean-Louis Beaulieu, Linda Girard et François Grégoire. |
| 260 | |aMont-Joli - Québec : |bPêches et Océans Canada |cDécembre 2014. |
| 300 | |a79p.|bfigures en couleur, références, tableaux |
| 490 | 1 |aSecrétariat canadien de consultation scientifique, document de recherche|v2014/091, Région du Québec |
| 546 | |aTexte en français, résumé en deux langues. |
| 590 | |a15-03|b2015-01-16 |
| 830 | #0|aDocument de recherche (Secrétariat canadien de consultation scientifique)|v2014/091, Région du Québec|w(CaOODSP)9.503788 |
| 856 | 40|ahttp://publications.gc.ca|qPDF|s8.45 Mo|uhttps://publications.gc.ca/collections/collection_2015/mpo-dfo/Fs70-5-2014-091-fra.pdf|y2014/091, Région du Québec |